Normal view
MARC view
- العزب، أمير
Entry Personal Name
001 - CONTROL NUMBER
- control field: 43945
003 - CONTROL NUMBER IDENTIFIER
- control field: JO-AjAnu
005 - DATE AND TIME OF LATEST TRANSACTION
- control field: 20230606081259.0
008 - FIXED-LENGTH DATA ELEMENTS
- fixed length control field: 230606|| aca||aabn | a|a d
040 ## - CATALOGING SOURCE
- Original cataloging agency: JO-AjAnu
- Transcribing agency: JO-AjAnu
100 ## - HEADING--PERSONAL NAME
- Personal name: العزب، أمير
670 ## - SOURCE DATA FOUND
- Source citation: Work cat.: (JO-AjAnu)22501: العزب، أمير, author, قاموس المصطلحات والتعبيرات القانونية-السياسية-الدبلوماسية-الاقتصادية-التجارية والمالية المتداولة عربي - انجليزي 8000 مصطلح وتعبير